| 000 | 02668cam a22003731i 4500 | ||
|---|---|---|---|
| 003 | SA-RiAUC | ||
| 005 | 20250314115556.0 | ||
| 008 | 250311s1988 le g b 00100 ara c | ||
| 040 |
_aSA-RiAUC _bara _cSA-RiAUC _erda |
||
| 050 | 4 | _b.J35 1988 | |
| 050 | 4 | _b. J357 1995 | |
| 082 | 0 | 4 |
_a224.2 _qSA-RiAUC |
| 090 |
_a224.2 _b ج ل ا |
||
| 100 | 1 |
_aالجلال السيوطي، عبد الرحمن بن أبي بكر بن محمد، _d849-911 هجري _eمؤلف. |
|
| 245 | 1 | 2 |
_aالمهذب فيما وقع في القرآن من المعرب / _cأبو الفضل جلال الدين عبد الرحمن بن أبي بكر السيوطي ؛ شرحه وعلق عليه سمير حسين حلبي. |
| 250 | _aالطبعة الأولى. | ||
| 264 | 1 |
_aبيروت : _bدار الكتب العلمية، _c1988 |
|
| 300 |
_a192 صفحة ؛ _c24 سم |
||
| 336 |
_aنص _btxt _2rdacontent _3كتاب |
||
| 337 |
_aبدون وسيط _bn _2rdamedia |
||
| 338 |
_aمجلد _bnc _2rdacarrier |
||
| 500 | _aيشتمل على كشافات. | ||
| 504 | _aببليوجرافية : صفحة 181-190. | ||
| 504 | _aيشتمل على إرجاعات ببليوجرافية. | ||
| 590 | _aهادي. | ||
| 630 | 2 | 7 |
_aالقرآن _xإعراب _2aucut |
| 630 | 2 | 7 |
_aالقرآن _xألفاظ _2aucut |
| 700 | 1 |
_aحلبي، سمير حسين _eشارح. |
|
| 730 | 2 | 2 | _aالقرآن |
| 856 |
_uhttp://www.alwaraq.net/Core/waraq/coverpage?bookid=1015&option=1 _yExternal Link _2 نرجو الانتباه لإمكانية وجود اختلاف في الطبعة أو الناشر بين البيانات على البوابة وما ستجده على الكتاب نظرا لمحدودية المعلومات المتاحة على الموقع الناشر للمادة. _3Please note that there may be a difference in the edition or publisher between the data on the portal and the book due to the limited information available on the publisher website for the material. |
||
| 856 |
_uhttp://www.alwaraq.net/Core/AlwaraqSrv/bookpage?book=1015&option=1&fkey=2&page=1 _yDigital Copy _2 نرجو الانتباه لإمكانية وجود اختلاف في الطبعة أو الناشر بين البيانات على البوابة وما ستجده على الكتاب نظرا لمحدودية المعلومات المتاحة على الموقع الناشر للمادة. _3Please note that there may be a difference in the edition or publisher between the data on the portal and the book due to the limited information available on the publisher website for the material. |
||
| 942 |
_2ddc _cBOOK _n0 |
||
| 949 |
_aSA-JeALM _d250311 _umohamedma123 _n1 |
||
| 999 |
_c6404 _d6404 |
||